50 plus grandes ville du Loir-et-Cher - Statistiques

Statistiques générales
  • Ce quiz a été pris 13 fois
  • Le résultat moyen est 12 sur 50
Statistiques - réponses
Hab Ville % Correct
47 200 Blois
100%
18 400 Romorantin Lanthenay
100%
15 800 Vendôme
100%
8 100 Vineuil
75%
6 300 Mer
67%
6 900 Le controis en sologne
50%
3 600 Montoire sur le loir
50%
2 800 Saint Aignan
50%
4 500 La chaussée saint victor
42%
3 200 Saint Gervais la forêt
42%
2 800 Cour Cheverny
33%
3 600 Montrichard val de cher
33%
4 800 Salbri
33%
3 300 Veuzain sur loire
33%
2 700 Chailles
25%
4 500 Lamotte Beuvron
25%
3400 Mont près chambord
25%
2 700 Saint George sur cher
25%
4 200 Saint Laurent nouan
25%
2 000 Savigny sur braye
25%
2 600 Villebarou
25%
2 700 Villefranche sur cher
25%
1 300 Bracieux
17%
2 300 Gièvres
17%
2 600 Noyers sur cher
17%
3 000 Saint Ouen
17%
4 200 Selles sur cher
17%
3 300 Beauce la romaine
8%
1 500 Candé sur Beuvron
8%
1 600 Cormeray
8%
1 400 Faverolles sur cher
8%
2 300 Huisseau sur cosson
8%
1 500 Mur de sologne
8%
2 400 Naveil
8%
2 300 Nouan le fuzelier
8%
1 600 Oucques la nouvelle
8%
2 200 Pruniers en sologne
8%
1 500 Saint Romain sur cher
8%
2 400 Valloire sur cisse
8%
2 700 Cellettes
0%
1 700 Châtillon sur cher
0%
1 900 Les montils
0%
1 600 Pontlevoy
0%
1 800 Saint claude de diray
0%
1 800 Saint Sulpice de pommeray
0%
1 300 Selles saint denis
0%
1 500 Soings en sologne
0%
1 600 Suèvres
0%
2 300 Valencisse
0%
1 400 Vouzon
0%
Aucun quiz correspondant
Distribution des résultats
% des personnes avec chaque résultat
Percentile par nombre de réponses
Votre historique - résultats
Vous n’avez pas pris ce quiz